000 00452nam a2200193Ia 4500
008 151121s9999||||xx |||||||||||||| ||und||
082 _a954/Fre
082 _bHNW-71684
100 _aFrench Patric
245 _aLiberty Or Death
260 _bHarper Collins Pubą„¤
260 _c--
300 _a467
600 _aFrench Patric
630 _aLiberty Or Death
700 _aFrench Patric
730 _aLiberty Or Death
942 _cBOOK
999 _c1253152
_d1253149